Viacrozmerné štatistické metódy s aplikáciami
Salvato in:
| Autori principali: | , |
|---|---|
| Natura: | Libro |
| Lingua: | slovacco |
| Pubblicazione: |
Bratislava :
Iura Edition,
2007
|
| Edizione: | 1. vyd. |
| Soggetti: | |
| Tags: |
Nessun Tag, puoi essere il primo ad aggiungerne!!
|
MARC
| LEADER | 00000nam a22000003a 4500 | ||
|---|---|---|---|
| 001 | stu157504 | ||
| 005 | 20150617230013.1 | ||
| 008 | 080207s2007------------------------slo-d | ||
| 020 | |a 978-80-8078-152-1 | ||
| 040 | |a STU |b slo | ||
| 041 | 0 | |a slo | |
| 080 | |a 519.237 | ||
| 100 | 1 | |a Stankovičová, Iveta |4 aut | |
| 245 | 1 | |a Viacrozmerné štatistické metódy s aplikáciami | |
| 250 | |a 1. vyd. | ||
| 260 | |a Bratislava : |b Iura Edition, |c 2007 | ||
| 300 | |a 261 s |c DVD | ||
| 650 | 7 | |a štatistické metódy |2 stusub | |
| 700 | 1 | |a Vojtková, Mária |4 aut | |
| 996 | |c V*50066/O-22289 |l VV3 |s P |a 0 |w stu157504_0001 | ||
| 996 | |b 284J033447 |c J*109247 |l JJK18 |s P |a 0 |w stu157504_0002 | ||